000 00361nam a2200145Ia 4500
008 210210b1983 xxu||||| |||| 00| 0 eng d
082 _a320.454 JOHI
100 _aJOHARI (J C).
245 _aIndian government & politics.
250 _a
260 _aDelhi
_bVishal Publications.
_c1983
300 _axxii,984
690 _aIndian Government
906 _a036694
999 _c87157
_d87157